000
00329nam a22001457a 4500
008
230517b ||||| |||| 00| 0 eng d
020
_a
0534240259
041
_a
eng
080
_2
FOURTH EDITION
_a
7
082
_a
7BAR
100
_a
20
101
_a
ART
245
_a
THEATRE A WAY OF SEEING
_c
BARRANGER. S.M
942
_2
udc
_c
BK
999
_c
59767
_d
59767